00748nam a22001577a 4500003000200000005001700002008004100019050002700060100003300087245018500120260007100305300007000376500004200446504005800488650004400546020250204162332.0250204b xxu||||| |||| 00| 0 eng d aGV 1469.35b.Es87 2024 aEspiritu, Talitha Jannae T.  a Mission mangroveban educational android mobile game featuring resident water birds and mangrove from Las Pinas Paranaque wetland parkcTalitha Jannae T. Espiritu and three others aLas Pinas CitybSouthville International School and Collegesc2024 axiii, 192 pages : bcolored illustrations and pictures ; c28cm.  aBachelor of Arts in Multimedia Arts.  aIncludes bibliographical references and appendices.  a Educational games—Computer programs.